Silver star / (Record no. 143465)

MARC details
000 -LEADER
fixed length control field 00575nam a22001937a 4500
005 - DATE AND TIME OF LATEST TRANSACTION
control field 20170817120520.0
010 ## - LCCN (DPL NO)
LC control number ENG-119783
020 ## - INTERNATIONAL STANDARD BOOK NUMBER
International Standard Book Number 9788179254400
Terms of availability 140.00
035 ## - SYSTEM CONTROL NUMBER
System control number EN-103315
037 ## - SOURCE OF ACQUISITION
Source of stock number/acquisition DBAD/PUB
082 ## - DEWEY DECIMAL CLASSIFICATION NUMBER
Classification number S
100 ## - MAIN ENTRY--PERSONAL NAME
Personal name Purandare, Madhuri
245 ## - TITLE STATEMENT
Title Silver star /
Statement of responsibility, etc by Madhuri Purandare ; translated by Rama Hardeekar-Sakhadeo
260 ## - PUBLICATION, DISTRIBUTION, ETC. (IMPRINT)
Place of publication, distribution, etc Pune
Name of publisher, distributor, etc Jyotsna Prakashan
Date of publication, distribution, etc 2016
270 ## - ADDRESS
Address 'Dhavalgiri' 430-31, Shaniwar Peth
City Pune
Postal code 411030
300 ## - PHYSICAL DESCRIPTION
Extent 165p. :
Dimensions 22cm(pbk)
Other physical details ill.
700 ## - ADDED ENTRY--PERSONAL NAME
Personal name Hardeekar-Sakhadeo, Rama
942 ## - ADDED ENTRY ELEMENTS (KOHA)
Source of classification or shelving scheme Dewey Decimal Classification
Item type English Books
Classification part S
Call number suffix PUR
Holdings
Withdrawn status Lost status Not for loan Collection code Home library Current library Date acquired Source of acquisition Cost, normal purchase price Full call number Barcode Copy number Cost, replacement price Koha item type
      Fiction Central Jail Tihar Central Jail Tihar 17/08/2017 DBAD/PUB 140.00 S PUR EN-103315 1 140.00 English Books

© Delhi Public Library
Hit Counter
free hit counter